000 00718nam a2200193 i 4500
001 36298
003 ES-MaACL
005 20230906155337.0
007 t|
008 030217s1956 sp ||||1| spa d
100 1 _aBrinton, Crane.
_931764
245 1 0 _aPresente y futuro de Europa
_b: vistos por un norteamericano /
_cCrane Brinton ; traducción castellana de Jaime Berenguer Amenos ; prólogo de José Mª Pí Suñer.
260 _aBarcelona :
_bVergara,
_c[1956] (
_fLimonograph)
300 _a176 p. ;
_c19 cm.
651 _aEuropa-
_xPolítica y gobierno-
_y1945-1989.
_9141222
700 1 _aBerenguer Amenós, Jaime.
_927893
700 1 _aPi Suñer, José María.
_991727
852 _aES-MaACL
_jC-11596
_bR.39607
999 _c36298
_d36298